La ascensión de Atlas: glosas sobre Aby Warburg
Guardat en:
| Autor principal: | |
|---|---|
| Format: | Llibre |
| Idioma: | espanyol |
| Publicat: |
Buenos Aires
Miño y Dávila
2017
|
| Edició: | 1a. ed |
| Col·lecció: | Biblioteca de Filosofía Venidera
|
| Matèries: | |
| Etiquetes: |
Afegir etiqueta
Sense etiquetes, Sigues el primer a etiquetar aquest registre!
|
MARC
| LEADER | 00000cam a2200000 a 4500 | ||
|---|---|---|---|
| 001 | UCC6536 | ||
| 003 | CL-VaPUC | ||
| 008 | 181213e20170000ag |||||||||||||||||spa|d | ||
| 020 | |a 9788416467877 | ||
| 082 | 0 | 4 | |a 194 |b LUD |2 21 |
| 100 | |a Ludueña Romandini, Fabián |e autor |9 601006 | ||
| 245 | 1 | 3 | |a La ascensión de Atlas: glosas sobre Aby Warburg |
| 250 | |a 1a. ed | ||
| 300 | |a 102 p | ||
| 942 | |c BK | ||
| 945 | |d 20181213 14:55:00 |a dcastane | ||
| 260 | |a Buenos Aires |b Miño y Dávila |c 2017 | ||
| 600 | 0 | |a Warburg, Aby Moritz |d 1866-1929 |9 401 | |
| 650 | 0 | |a Filosofía francesa |9 255698 | |
| 650 | 0 | |a Filosofía contemporánea |9 265372 | |
| 650 | 0 | |a Filósofos franceses |9 314621 | |
| 583 | |a last modification |c 20181213 14:55:00 |k Rodrigo Vera | ||
| 490 | 0 | |a Biblioteca de Filosofía Venidera | |
| 999 | |c 373476 |d 373474 | ||
| 952 | |0 0 |1 0 |3 erb |4 0 |6 194_000000000000000_LUD_2017 |7 0 |8 A |9 491585 |a BIBART |b BIBART |i 5523052 |l 2 |o 194 LUD 2017 |p 5523052 |r 2025-05-09 |s 2025-05-02 |w 2019-11-24 |y BK |z Catalogado en:20181213 |k ART | ||